|
|
|
|
| LEADER |
00000naa2a2200000 4500 |
| 001 |
388866 |
| 005 |
20231101063807.0 |
| 035 |
|
|
|a (RuTPU)RU\TPU\prd\20425
|
| 090 |
|
|
|a 388866
|
| 100 |
|
|
|a 20031215a2003 k y0rusy50 ca
|
| 101 |
0 |
|
|a rus
|
| 102 |
|
|
|a RU
|
| 200 |
1 |
|
|a Распознавание соответствия
|f А. И. Ковалев
|
| 225 |
1 |
|
|a Статистическое мышление
|
| 320 |
|
|
|a Библиогр.: 7 назв.
|
| 461 |
|
1 |
|0 (RuTPU)RU\TPU\prd\1635
|x 0130-6898
|t Методы менеджмента качества
|o научно-технический журнал
|f Всероссийская организация качества (ВОК)
|d 1999-
|
| 463 |
|
1 |
|0 (RuTPU)RU\TPU\prd\17609
|t № 9
|v С. 41-47
|d 2003
|
| 610 |
1 |
|
|a аудиторы
|
| 610 |
1 |
|
|a эвристика
|
| 610 |
1 |
|
|a нахождение истины
|
| 610 |
1 |
|
|a международные стандарты
|
| 610 |
1 |
|
|a верификация
|
| 610 |
1 |
|
|a системы менеджмента качества
|
| 610 |
1 |
|
|a матрицы
|
| 700 |
|
1 |
|a Ковалев
|b А. И.
|
| 801 |
|
1 |
|a RU
|b 63413507
|c 20031215
|g PSBO
|
| 801 |
|
2 |
|a RU
|b 63413507
|c 20130520
|g RCR
|
| 942 |
|
|
|c BK
|